000 00477pam a2200193 a 4500
020 _c
040 _aMedical College Libr
041 _aENG
_hENG
082 _a616.81
_bWIE
100 _aWibers , David .
245 _aHand Book of Stroke /
_c
_hTextual Documents
260 _a :
_bLippincott - Raven ,
_c1997.
300 _a139 ;
_c
365 _a965=00
653 _aMedical Science
930 _a3005
999 _c3004
_d3004